Scotland 2019 Rugby World Cup Squad - Statistics

General Stats
  • This quiz has been taken 30 times
  • The average score is 20 of 33
Answer Stats
Position Player % Correct
Fly-half Finn Russell
100%
Fullback Stuart Hogg
96%
Prop Zander Fagerson
96%
Scrum-half George Horne
83%
Scrum-half Greig Laidlaw
83%
Back row Jamie Ritchie
83%
Lock Jonny Gray
83%
Scrum-half Ali Price
79%
Wing Darcy Graham
79%
Back row Hamish Watson
79%
Wing Sean Maitland
79%
Prop WP Nel
79%
Fullback Blair Kinghorn
75%
Centre Peter Horne
75%
Fly-half Adam Hastings
71%
Centre Chris Harris
71%
Hooker Fraser Brown
71%
Hooker Stuart McInally
71%
Hooker George Turner
67%
Lock Grant Gilchrist
67%
Centre Sam Johnson
67%
Wing Tommy Seymour
54%
Lock Scott Cummings
46%
Back row John Barclay
42%
Prop Allan Dell
38%
Back row Magnus Bradbury
38%
Prop Gordon Reid
33%
Scrum-half Henry Pyrgos
33%
Lock Ben Toolis
29%
Back row Ryan Wilson
25%
Prop Simon Berghan
21%
Back row Blade Thomson
13%
Centre Duncan Taylor
13%
No matching quizzes found
Score Distribution
Percent of People with Each Score
Percentile by Number Answered
Your Score History
You have not taken this quiz